书目信息 |
| 题名: |
大学物理学习指导与习题
|
|
| 作者: | 孙厚谦 主编 | |
| 分册: | ||
| 出版信息: | 长沙 湖南师范大学出版社 2013 |
|
| 页数: | 314页 | |
| 开本: | 26cm | |
| 丛书名: | ||
| 单 册: | ||
| 中图分类: | O4-43 | |
| 科图分类: | ||
| 主题词: | 物理学--wu li xue--高等学校--教材 | |
| 电子资源: | ||
| ISBN: | 978-7-5648-1064-1 | |
| 000 | 01340nam 2200265 45 | |
| 001 | 012001002809 | |
| 005 | 20131015163850.0 | |
| 010 | @a978-7-5648-1064-1@dCNY38.00 | |
| 099 | @aCAL 012014130480 | |
| 100 | @a20141028d2013 ekmy0chiy50 ea | |
| 101 | 0 | @achi |
| 102 | @aCN@b430000 | |
| 105 | @aa a 000yy | |
| 106 | @ar | |
| 200 | 1 | @a大学物理学习指导与习题@Ada xue wu li@f主编孙厚谦和刘雨龙@FZhu Bian Sun Hou Qian He Liu Yu Long@PZBSHQHLYL |
| 210 | @a长沙@c湖南师范大学出版社@d2013 | |
| 215 | @a314页@c图@d26cm | |
| 300 | @a二十一世纪高等学校精品教材 普通高等教育“十二五”规划教材 | |
| 320 | @a有书目(第241页) | |
| 330 | @a大学物理课程是高等学校理工科学生的一门重要基础课,它所阐述的物理学基本概念、基本思想、基本规律和基本方法不仅是学生学习后续专业课程的基础,而且也是培养和提高学生综合素质和科技创新能力的重要内容。在我国高等教育已经进入大众化阶段的新形势下,为达到大学物理课程的教学目的,物理教学工作者面临着许多需要解决的问题。如尽管国内外已出版了许多优秀的大学物理教材,但编写适应应用型本科院校培养目的的教材仍需进行大量的努力。本书的编写则是这方面一个积极的尝试。教材涵盖了教育部物理基础课程教学指导分委员会制订的《理工科非物理 | |
| 606 | 0 | @a物理学@Awu li xue@x高等学校@j教材 |
| 690 | @aO4-43@v5 | |
| 701 | 0 | @a孙厚谦@Asun hou qian@4主编 |
| 801 | 0 | @aCN@b北京卓展@c20191020 |
| 905 | @b1205858-61@dO4-43@e1017@f4 | |
| 大学物理学习指导与习题/主编孙厚谦和刘雨龙.-长沙:湖南师范大学出版社,2013 |
| 314页:图;26cm |
| 二十一世纪高等学校精品教材 普通高等教育“十二五”规划教材 |
| ISBN 978-7-5648-1064-1:CNY38.00 |
| 大学物理课程是高等学校理工科学生的一门重要基础课,它所阐述的物理学基本概念、基本思想、基本规律和基本方法不仅是学生学习后续专业课程的基础,而且也是培养和提高学生综合素质和科技创新能力的重要内容。在我国高等教育已经进入大众化阶段的新形势下,为达到大学物理课程的教学目的,物理教学工作者面临着许多需要解决的问题。如尽管国内外已出版了许多优秀的大学物理教材,但编写适应应用型本科院校培养目的的教材仍需进行大量的努力。本书的编写则是这方面一个积极的尝试。教材涵盖了教育部物理基础课程教学指导分委员会制订的《理工科非物理 |
| ● |
| 相关链接 |
|
|
|
|
正题名:大学物理学习指导与习题
索取号:O4-43/1017
 
预约/预借
| 序号 | 登录号 | 条形码 | 馆藏地/架位号 | 状态 | 备注 |
| 1 | 1205858 | 212058583 | 第二样本阅览室/ [索取号:O4-43/1017] | 在馆 | |
| 2 | 1205859 | 212058592 | 第三借阅区/ [索取号:O4-43/1017] | 在馆 | |
| 3 | 1205860 | 212058609 | 第三借阅区/ [索取号:O4-43/1017] | 在馆 | |
| 4 | 1205861 | 212058618 | 第三借阅区/ [索取号:O4-43/1017] | 在馆 |